| 000 | 00402nam a22001457a 4500 | ||
|---|---|---|---|
| 082 | _aP-639 | ||
| 100 |
_aImtiaz Iftikhar _950810 |
||
| 245 | _aAnalysis and management of building using building information modeling (BIM) tools | ||
| 260 |
_aRisalpur, _bMCE, _c2015. |
||
| 300 | _a48p. | ||
| 526 |
_a0 _b0 _c0 _dP_639 |
||
| 526 |
_a0 _b0 _c0 _dP_639 |
||
| 700 |
_aMamoon Ahmed _950811 |
||
| 942 |
_2ddc _cBK |
||
| 999 |
_c553553 _d553553 |
||